[Event "Zheleznogorsk-ch"]
[Site "Zheleznogorsk"]
[Date "2017.03.01"]
[Round "9"]
[White "Streblyanskii, Ilya"]
[Black "Petrukhina, Olga"]
[Result "0-1"]
[WhiteElo "1876"]
[BlackElo "2084"]
[PlyCount "98"]
[EventDate "2017.02.06"]
[EventType "swiss"]
[EventRounds "9"]
[EventCountry "RUS"]
[SourceTitle "CBM 177 Extra"]
[Source "ChessBase"]
[SourceDate "2017.04.27"]
[SourceVersion "1"]
[SourceVersionDate "2017.04.27"]
[SourceQuality "1"]

1. e4 e6 2. d4 d5 3. Nd2 Be7 4. Ngf3 Nf6 5. exd5 exd5 6. c3 Bf5 7. Ne5 Qd6 8. f4 Ne4 9. Ndf3 f6 10. Nd3 Nd7 11. Be2 Nb6 12. Nh4 Bd7 13. 0-0 0-0-0 14. Qc2 g6 15. a4 Kb8 16. a5 Nc8 17. b4 Bb5 18. g3 Qc6 19. Bb2 Ncd6 20. Nc5 Nc4 21. Rfe1 Bxc5 22. bxc5 g5 23. fxg5 fxg5 24. Nf3 g4 25. Nh4 Rdf8 26. Bc1 Rf2 27. Bf4 Rf8 28. Ng2 a6 29. Ra2 Qg6 30. Qc1 Rf3 31. Bxf3 gxf3 32. Nh4 Qg4 33. Rf2 Nxf2 34. Kxf2 Nxa5 35. Nxf3 Nc6 36. Ne5 Nxe5 37. Rxe5 Bd3 38. Qe1 Be4 39. Qe2 Qh3 40. Ke1 Qd7 41. c4 Rc8 42. Qa2 Rd8 43. Bg5 Re8 44. Rxe8+ Qxe8 45. cxd5 Bxd5+ 46. Qe2 Qa4 47. Qd2 Qa1+ 48. Kf2 Qh1 49. Qe1 Qf3+ 0-1

[Event "Zheleznogorsk-ch"]
[Site "Zheleznogorsk"]
[Date "2017.02.17"]
[Round "6"]
[White "Gladeshev, Sergey"]
[Black "Streblyanskii, Ilya"]
[Result "1-0"]
[WhiteElo "1877"]
[BlackElo "1876"]
[PlyCount "75"]
[EventDate "2017.02.06"]
[EventType "swiss"]
[EventRounds "9"]
[EventCountry "RUS"]
[SourceTitle "CBM 177 Extra"]
[Source "ChessBase"]
[SourceDate "2017.04.27"]
[SourceVersion "1"]
[SourceVersionDate "2017.04.27"]
[SourceQuality "1"]

1. e4 e5 2. Nf3 Nc6 3. Bc4 d6 4. c3 Bg4 5. d3 a6 6. Be3 Na5 7. Nbd2 Nxc4 8. Nxc4 Be7 9. h3 Bh5 10. g4 Bg6 11. h4 h6 12. Qd2 Qd7 13. h5 Bh7 14. g5 Bf8 15. 0-0-0 0-0-0 16. Qc2 g6 17. a4 Bg7 18. Qb3 gxh5 19. Na5 c6 20. Nc4 Kb8 21. Qb6 c5 22. Nfd2 Bg6 23. f4 hxg5 24. fxe5 Bxe5 25. Nxe5 dxe5 26. Bxc5 Qc6 27. Qa7+ Kc7 28. Nc4 Qxa4 29. Nxe5 Qa1+ 30. Kc2 Qa4+ 31. Kd2 Qb5 32. Nc4 Bxe4 33. Bb6+ Kc6 34. Bxd8 Bxh1 35. Rxh1 g4 36. Na5+ Kd7 37. Qd4+ Ke8 38. Qxh8 1-0